000
00275 a2200121 4500
001
120091
020
_a
9788506064603
040
_c
Escola Canadense de Niteroi
090
_a
N1
100
_a
Cardias, J.
245
1
0
_a
Ninho de Poesias - Poemas de amor à vida
942
_c
BK
999
_c
120091
_d
120091